00721cam a2200229 i 45000010009000000050017000090080041000260200019000670400028000860820020001141000022001341000020001562450075001762600053002513000021003046500020003256500010003456500023003559420006003789520092003849990015004761918965220240613023016.0160725s2017 cau b 001 0 eng  a9789385985775  aDLCbengcDLCerdadDLC00a362.88223bCYB1 aHalder, Debarati,1 aJaishankar, K.,10aCyber crimes against women in India /cDebarati Halder, K. Jaishankar. aNew DelhibSAGE Publlication india Pvt Ltdc2017 axvi, 252 pages ; 0aComputer crimes 0aWomen 0aInternet and women cL 001040708LaWERCLbWERCLd2024-06-13l0o362.88 CYBp7052r2024-06-13w2024-06-13yL c5896d5896